Vista normal
Vista MARC
Entrada Personal Name
Número de registros utilizados en: 1
001 - CONTROL NUMBER
- control field: 69497
003 - CONTROL NUMBER IDENTIFIER
- control field: OSt
005 - DATE AND TIME OF LATEST TRANSACTION
- control field: 20260317213938.0
008 - FIXED-LENGTH DATA ELEMENTS
- fixed length control field: 260317|| aca||aabn | a|a d
040 ## - CATALOGING SOURCE
- Original cataloging agency: OSt
- Transcribing agency: OSt
100 ## - HEADING--PERSONAL NAME
- Personal name: Riaño Moncada, Carlos Martín,
- Dates associated with a name: 1966-
670 ## - SOURCE DATA FOUND
- Source citation: Work cat.: (OSt)60756: Lozano Riveros, Pilar, 1951- aut, Colombia, mi abuelo y yo :